| 000 | 00552nam a2200169 4500 | ||
|---|---|---|---|
| 999 |
_c4249 _d4249 |
||
| 008 | 160901b xxu||||| |||| 00| 0 eng d | ||
| 022 | _a2094-8042 | ||
| 082 | _aDPer 370.105 M72 Jan-Dec 2012 v. 60-61 | ||
| 100 |
_913939 _aMagsayao, Liza S. |
||
| 243 | _a | ||
| 245 |
_aBrigada eskwela: making the impossible, possible/ _cLiza S. Magsayao. |
||
| 260 |
_aPhilippines: _bIn the Grade School, Inc., _c©2012. |
||
| 300 |
_av61 n1, page 19; _c28 cm. |
||
| 500 | _aThe Modern Teacher. | ||
| 650 | 0 |
_913940 _aCommunity development |
|
| 942 |
_2ddc _cPER |
||